The Big Osten Brain Game Quiz Stats

 Plays Quiz not verified by Sporcle

Also try: 'P' Logos
Challenge
Share
Tweet
Embed
Score 0/10 Timer 05:00
0 Plays Today
Hint Answer % Correct
What food do I smile at before I eat it?Sandwich
100%
I have spoken to my brother in the last 3 years, True or False?False
100%
Who wrote my personal statement?Sally
85.7%
What time did my mother catch me on runescape?2am
85.7%
Who am I no longer League buddies with?Eden
85.7%
What do I eat for breakfast?Bacon
71.4%
Who would I rather socialise with over my friends?My comp
71.4%
What magic level do I have?99
57.1%
What League elo do I have?Platinum I
57.1%
Why am I not at school?Runescape
57.1%

You're not logged in!

Compare scores with friends on all Sporcle quizzes.
Join for Free
OR
Log In

You Might Also Like...

Show Comments

Extras

Created Apr 20, 2016ReportNominate
Tags:brain

Top Quizzes Today


Score Distribution

Your Account Isn't Verified!

In order to create a playlist on Sporcle, you need to verify the email address you used during registration. Go to your Sporcle Settings to finish the process.

Report this User

Report this user for behavior that violates our Community Guidelines.

Details: